Nueva historia de Roma

Furkejuvvon:
Bibliográfalaš dieđut
Váldodahkki: Homo, León (autor)
Eará dahkkit: Farran Y Mayoral, J. (traducción del francés)
Materiálatiipa: Girji
Giella:espánnjágiella
Almmustuhtton: Barcelona, España: Iberia, 1943
Preanttus:Primera edición
Fáttát:
Fáddágilkorat: Lasit fáddágilkoriid
Eai fáddágilkorat, Lasit vuosttaš fáddágilkora!

MARC

LEADER 00000nam a2200000 a 4500
001 UCY0509
003 CL-VaPUC
005 20250416144641.0
008 940803e19430000SP |||||||||||||||||spa|d
999 |c 229498  |d 229496 
040 |c Pontificia Universidad Católica de Valparaíso 
082 0 4 |a 937 HOM 1943  |2 21 
100 1 |a Homo, León  |e autor  |9 902165 
245 1 0 |a Nueva historia de Roma 
250 |a Primera edición 
260 |a Barcelona, España:  |b Iberia,  |c 1943 
300 |a 470 páginas 
583 |a last modification  |c 19940803 00:00:00  |k Rodrigo Vera 
650 1 |a Historia de Roma  |9 315349 
650 1 |a Civilización romana  |9 438909 
650 1 |a Imperio romano  |9 322785 
700 |a Farran Y Mayoral, J.  |e traducción del francés  |9 902166 
942 |c BK  |2 ddc 
945 |d 19940803 00:00:00  |a aalvarez 
952 |0 0  |1 0  |4 0  |6 937_000000000000000_HOM_1943  |7 0  |8 A  |9 230707  |a BIBDER  |b BIBDER  |d 2019-11-15  |i 3001040  |o 937 HOM 1943  |p 3001040  |r 2023-01-25  |w 2019-11-15  |y BK  |k DER